Meiji Taishō nōson keizai no hensen /

Saved in:
நூற்பட்டியல் விவரங்கள்
தலைமை எழுத்தாளர்: Takahashi, Kamekichi, 1894-1977.
வடிவம்: புத்தகம்
மொழி:Japanese
வெளியீடப்பட்டது: Tōkyō : Nō-san-gyoson Bunka Kyōkai, Shōwa 51 [1976], Shōwa 53 [1978] printing.
தொகுதி:Meiji Taishō nōsei keizai meichoshū ; 19.
பகுதிகள்:
குறியீடுகள்: குறிச்சொல் இணை
குறியீடுகள் இல்லை, இந்த குறிச்சொல்லை முதலில் பதிவு செய்யுங்கள்!
LEADER 01237cam a2200301Ii 4500
001 007769652-2
005 20020606104010.5
008 781201r19761926ja cf rb 000 0djpn
010 |a  76806197  
015 |a Ja76-16039 
035 0 |a ocn502630176 
035 0 |a ocm04411808 
040 |a DLC  |c OSU  |d OSU  |d OCL  |d YNH 
050 0 |a HD2093 1975  |b .M43 1975, vol.19  |a HD2092 
100 1 |a Takahashi, Kamekichi,  |d 1894-1977. 
245 1 0 |a Meiji Taishō nōson keizai no hensen /  |c Takahashi Kamekichi. 
246 3 |a Nōson keizai no hensen. 
260 |a Tōkyō :  |b Nō-san-gyoson Bunka Kyōkai,  |c Shōwa 51 [1976], Shōwa 53 [1978] printing. 
300 |a 368 p., [1] leaf of plates :  |b ports. ;  |c 22 cm. 
490 1 |a Meiji Taishō nōsei keizai meichoshū ;  |v 19 
500 |a Reprint of the 1926 ed. published by Tōyō Keizai Shinpōsha, Tokyo, with new explanatory text and the author's new article Nōgyō kakumei to sekai kyōkō. 
504 |a "Takahashi Kamekichi chosho mokuroku": p. 24-26. 
600 1 0 |a Takahashi, Kamekichi,  |d 1894- 
650 0 |a Agriculture  |x Economic aspects  |z Japan  |x History. 
650 0 |a Economists  |z Japan  |v Biography. 
830 0 |a Meiji Taishō nōsei keizai meichoshū ;  |v 19. 
988 |a 20020608 
906 |0 DLC